| 000 | 00571 a2200229 4500 | ||
|---|---|---|---|
| 001 | 22585 | ||
| 999 |
_c22585 _d9246 |
||
| 003 | TR-AnTOB | ||
| 005 | 20190408212829.0 | ||
| 008 | 041102s1996 tu tur | ||
| 020 | _a975510710x | ||
| 041 | _atur | ||
| 050 |
_aPQ7297.F793 _bY3 1996 |
||
| 090 | _aPQ7297.F793 Y3 1996 | ||
| 100 |
_aFuentes, Carlos _97205 |
||
| 245 | 0 |
_aYanık sular / _cCarlos Fuentes ; çev. Özdemir İnce. |
|
| 250 | _a2. bs. | ||
| 264 | 1 |
_aİstanbul : _bCan Yayınları, _c1996 |
|
| 300 |
_a136 p. ; _c20 cm. |
||
| 500 | _aOrjinal: Aqua Quemada | ||
| 902 | _a0003110 | ||
| 942 | _cBK | ||